1274 1556 1937 1805 1438 1531 1314 1841 1849 1934 1319 1744 1623 1520 1777 1301 1418 1657 1298 1727 1110 1977 1277 1762 1094 1554 1588 1353 1489 1630 1283 1316 1788 1056 1435 1824 1042 1971 1617 1445 1427 1125 1297 1226 1352 1050 1788 1337 1340 1662 1177 1320 1284 1540 1022 1613 1984 1465 1216 1065 1547 1203 1483 1911 1934 1597 1057 1332 1207 1243 1856 1680 1594 1120 1835 1378 1302 1718 1121 1608 1200 1167 1121 1600 1370 1560 1700 1066 1383 1103 1372 1601 1063 1459 1947 1241 1271 1405 1908 BCNSPRNW ULIB Ver.6.0+V

เปลี่ยนเป็นภาษาไทย

Change to English
 แสดงรายละเอียดบรรณานุกรม
  กลับหน้าหลัก

Brief Record : Get Marc (ISO 2709) : E-mail record : QR code < ปิดหน้าต่าง
LEADER : 00000nam 2200000uu 4500
001    13399128051
003     ULIB
008    220202s2563||||th 000 0 tha d
020 ^  ^a9786160839032
050 ^  ^aนว^bณ44พ
100 0  ^aณรียา.
245 1  ^aเพ็ญนทีธาร : MOON River /^cณรียา.
260 ^  ^aกรุงเทพฯ :^bซีเอ็ดยูเคชั่น,^c2563.
300 ^  ^a431 หน้า ;^c21 ซม.
650 ^  ^aนวนิยาย
945    ^p350^l0^i29196
999    ^aกัณชพร จุลอักษร
รายการนี้ยังไม่มีแท็ก
คุณยังไม่ได้ล็อกอิน คุณสามารถมีกิจกรรมร่วมกับเว็บไซต์ได้ แต่ต้องล็อกอินก่อน ::
  ล็อกอิน

รายการสื่อสารสนเทศ

ลำดับที่ ประเภท เลขเรียก/บาร์โค้ด สถานที่ สถานะ
1. วิทยาศาสตร์การแพทย์ และสุขภาพ
วิทยาศาสตร์การแพทย์ และสุขภาพ
นว ณ44พ ฉ.1 
  Barcode: 29196
ห้องสมุดวิทยาเขตนครสวรรค์
►นวนิยาย:l:Fiction
บนชั้น

รายการใกล้เคียง
    ผู้แต่ง [ณรียา.]

    หัวเรื่อง [นวนิยาย]

BibComment


ยังไม่เคยถูกคอมเมนท์

คอมเมนท์ทรัพยากรรายการนี้
  คอมเมนท์: เพ็ญนทีธาร MOON..


 Copyright 2026. Bcnsprnw @Library